000
00314nam a2200133Ia 4500
008
220204s9999 xx 000 0 und d
082
_a
581
_b
BOW
100
_a
BOWER, F O
245
0
_a
Botany of the living plant
260
_a
New York
_b
Hafner
_c
1969
650
_a
Angiosperm
650
_a
Bryophyta
942
_c
BK
999
_c
28486
_d
28486